| 000 | 00365cam a2200145ua 4500 | ||
|---|---|---|---|
| 041 |
_aeng _h |
||
| 082 |
_a823.301 _bHAR/ST |
||
| 100 | _aHarry, Blind . | ||
| 245 |
_aStory of Wallace wight / _cBlind Harry. _hTextual Documents |
||
| 260 |
_aNew Delhi : _bArnold and son limited , _c1964. |
||
| 300 | _a96 ; . | ||
| 504 | _a | ||
| 942 | _cBK | ||
| 999 |
_c12865 _d12865 |
||